000 00444nam a22001697a 4500
003 NUST - PNEC
005 20170116181109.0
008 151003b xxu||||| |||| 00| 0 eng d
020 _a-
040 _cLIBRARY
082 _a891.43937 RAT
100 _912825
_aJai Ratan
245 _aContemporary Urdu short stories : an anthology
_cJai Ratan
260 _cc.1991
650 _912829
_aShort stories, Urdu
_xGeneral books
942 _2ddc
_cBK
999 _c69059
_d69059